Les personnage descendant de Phineas Black (Harry Potter) - Statistiques

Statistiques générales
  • Ce quiz a été pris 869 fois
    858 depuis la dernière actualisation
  • Le résultat moyen est 19 sur 44
Statistiques - réponses
Réponse % Correct
Sirius Black
98%
Bellatrix Lestrange
92%
Narcissa Malefoy
89%
Regulus Black
86%
Drago Malefoy
78%
Andromeda Tonks
75%
Nymphadora Tonks
70%
Teddy Lupin
62%
James Potter
54%
Scorpius Malefoy
54%
Harry Potter
53%
Orion Black
51%
Bill Weasley
49%
Charlie Weasley
49%
Fred Weasley
49%
George Weasley
49%
Ginny Weasley
49%
Molly Weasley
49%
Percy Weasley
48%
Arthur Weasley
47%
Ron Weasley
47%
Albus Severus Potter
44%
Walburga Black
44%
Rose Granger-Weasley
42%
Hugo Granger-Weasley
41%
James Sirius Potter
41%
Lily Luna Potter
40%
Victoire Weasley
36%
Fred II Weasley
34%
Molly II Weasley
33%
Louis Weasley
31%
Dominique Weasley
30%
Lucy Weasley
27%
Roxane Weasley
24%
Neville Londubat
22%
Frank Londubat
18%
Vincent Crabbe
16%
Corban Yaxley
9%
Evan Rosier
9%
Barty Croupton Junior
7%
Barty Croupton Senior
7%
Ernie Macmillan
7%
Millicent Bulstrode
7%
Caractus Beurk
4%
Aucun quiz correspondant
Distribution des résultats
% des personnes avec chaque résultat
Percentile par nombre de réponses
Votre historique - résultats
Vous n’avez pas pris ce quiz depuis la dernière actualisation